Gargoyl

Podrobná bibliografia
Ďalší autori: Andrews, Jay, 1950- (Režisér)
Médium: Video DVD
Jazyk:angličtina
čeština
Fyzický popis:1 videodisk (DVD) (86 min.) zvuk DD 5.1, fareb., PAL, aspect ratio 4:3 12 cm
Vydavateľské údaje: Bratislava Intersonic 2010
Edícia:Svět hororu
Predmet:

MARC

LEADER 00000ngm a2200000 a 4500
001 vtls010172635
003 SK-MaSNL
005 20260302011357.0
007 vd cvaizs
008 251029s2010 xo 086 e vleng
040 |a SNK  |b slo  |c SNK  |e AACR2 
041 1 |a eng  |a cze  |b cze  |h eng 
044 |a xo  |c SK 
072 7 |a 791  |x Film. Cirkus. Ľudová zábava  |2 konspekt 
080 |a 791.221.9  |2 2001 
080 |a (0.034.44)  |2 2001 
130 0 |a Gargoyles' Revenge  |l Česky  |9 467864 
245 1 0 |a Gargoyl  |h videozáznam  |c [réžia] Jay Andrews 
260 |a Bratislava  |b Intersonic  |c 2010 
300 |a 1 videodisk (DVD) (86 min.)  |b zvuk DD 5.1, fareb., PAL, aspect ratio 4:3  |c 12 cm 
490 1 |a Svět hororu  |v 16 
500 |a Názov z disku 
500 |a Vyšlo ako príloha mesačníka DVD HIT 59 č. 76/2010 
511 0 |a Hrajú: Tim Abell, Sandra Hess, Kate Orsini, 
521 8 |a Mládeži do 18 r. nevhodné 
546 |a V originálnom anglickom znení, dabing česky, titulky česky 
650 0 7 |a hrané filmy  |2 SNKPH  |9 68885 
655 7 |a DVD  |2 SNKPH  |9 70751 
655 7 |a horory (filmy)  |2 SNKPH  |9 243197 
700 1 |a Andrews, Jay,  |d 1950-  |4 drt  |9 499419 
830 0 |a Svět hororu  |9 324990 
999 |c 1005939  |d 1007869 
952 |a SNK  |b SNK  |y PREZ  |7 0  |p 17A0673847  |o snkSDVD 830  |i snk2010/20714  |8 0  |0 0  |1 0  |4 0  |d 2010-09-28  |l 0  |r 2026-02-24 12:34:56  |w 2026-02-24 
952 |a SNK  |b SNK  |y PREZ  |7 0  |p 17A0673979  |o snkSDVD 830 D1  |i snk2010/20837  |8 0  |0 0  |1 0  |4 0  |d 2010-09-29  |l 0  |r 2026-02-24 12:34:56  |w 2026-02-24